| 000 | 00587nam a2200217Ia 4500 | ||
|---|---|---|---|
| 005 | 20250923145921.0 | ||
| 008 | 008 250917s9999 xx 000 0 eng d | ||
| 037 | _aTextual | ||
| 040 |
_aDSWL _beng _cDSWL |
||
| 041 |
_aeng _2eng |
||
| 084 |
_aY, N74 _qDSWL |
||
| 100 |
_aMaciver, R.M. _9840276 |
||
| 245 | 0 |
_aSociety: An Introductory Analysis _c by R.M. Maciver |
|
| 260 |
_aMadras _b Macmillan _c1974 |
||
| 300 | _axvii,697p. | ||
| 365 |
_aINR _b132.00 |
||
| 700 |
_a C.H. Page _9840277 |
||
| 925 | _g132.00 | ||
| 942 |
_cTEXL _hY, N74 |
||
| 999 |
_c1457330 _d1457330 |
||